Statistics for State Quiz - Arizona

Click here to take the quiz!

General Stats

  • This quiz has been taken 17,278 times
  • The average score is 13 of 20

Answer Stats

HintAnswer% Correct
Famous canyonGrand Canyon
99%
Capital cityPhoenix
97%
River that flows through that canyonColorado
89%
What is a diamondback?
(Not related to baseball)
Rattlesnake
82%
Road where you can "get your kicks"Route 66
78%
Second-biggest cityTucson
77%
Native American tribe whose
reservation is larger than 10 states
Navajo
71%
2008 GOP Presidential nomineeJohn McCain
69%
Biggest city in Northern ArizonaFlagstaff
64%
What is a saguaro?a Cactus
63%
What was discovered at
Lowell Observatory in 1930?
Pluto
58%
National Park of fossilized trees{Petrified} Forest
57%
Bridge from England that was
brought to Arizona
London Bridge
56%
Town where Wyatt Earp
had a shootout
Tombstone
52%
Geronimo's tribeApache
51%
State gemstone (hint: blue-green)Turquoise
51%
Term for a "shoestring" necktie{Bolo} Tie
45%
Chicano leader who organized
farm workers
Cesar Chavez
38%
Resort town famous
for "vortexes" of spiritual energy
Sedona
33%
What is a haboob?a Dust Storm
29%

Score Distribution

Percentile by Number Answered

Percent of People with Each Score

Your Score History

You have not taken this quiz